Actes del Quart Colloqui Internacional de Llengua i Literatura Catalanes (Record no. 46123)

MARC details
000 -LEADER
campo de control de longitud fija 00678nam a2200181 i 4500
001 - NÚMERO DE CONTROL
campo de control 46123
003 - IDENTIFICADOR DE NÚMERO DE CONTROL
campo de control ES-MaACL
005 - FECHA Y HORA DE LA ÚLTIMA TRANSACCIÓN
campo de control 20230906161331.0
007 - CAMPO FIJO DE DESCRIPCIÓN FÍSICA--INFORMACIÓN GENERAL
campo de control de longitud fija t|
008 - DATOS DE LONGITUD FIJA--INFORMACIÓN GENERAL
campo de control de longitud fija 030328s1977 sp ||||1| cat d
111 2# - ENTRADA PRINCIPAL--NOMBRE DE CONGRESO/REUNIÓN
Nombre de congreso/reunión o jurisdicción como elemento de entrada Colloqui Internacional de LLengua i Literatura Catalanes (
Número del congreso/reunión o número de parte o sección 4.
Fecha del congreso o de la firma del tratado 1976.
Sede del congreso/Lugar de la reunión Basilea)
9 (RLIN) 82
245 10 - MENCIÓN DEL TÍTULO
Título Actes del Quart Colloqui Internacional de Llengua i Literatura Catalanes
Resto del título : Basilea, 22-27 de març de 1976 /
Mención de responsabilidad, etc. publicades a cura de Germáa Colon.
260 ## - PUBLICACIÓN, DISTRIBUCIÓN, ETC.
Lugar de publicación, distribución, etc. Montserrat :
Nombre del editor, distribuidor, etc. Abadia de Montserrat,
Fecha de publicación, distribución, etc. 1977.
300 ## - DESCRIPCIÓN FÍSICA
Extensión 494 p. ;
Dimensiones 21 cm.
700 1# - ENTRADA AGREGADA--NOMBRE PERSONAL
Nombre de persona Colón, Germà.
9 (RLIN) 39876
710 2# - ENTRADA AGREGADA--NOMBRE DE ENTIDAD CORPORATIVA
Nombre de entidad corporativa o nombre de jurisdicción como elemento de entrada Abadía de Montserrat.
9 (RLIN) 1133
852 ## - LOCALIZACIÓN
Ubicación ES-MaACL
Número de control de estantería A-7772
Sublocalización o colección R.96948
Holdings
Estatus retirado Estado de pérdida Estado de daño No para préstamo Biblioteca de origen Biblioteca actual Ubicación en estantería Fecha de adquisición Fuente de adquisición Total de préstamos Signatura topográfica completa Código de barras Visto por última vez Precio de reemplazo Tipo de ítem Koha
        Biblioteca del Ateneo de Madrid Biblioteca del Ateneo de Madrid Sala Pecera Planta 1 17/01/2008     A-7772 1048519 23/02/2023 23/02/2023 Libro impreso